Cultura y modernización en América Latina : ensayo sociológico acerca de la crisis del desarrollismo y de su superación /
Đã lưu trong:
| Tác giả chính: | |
|---|---|
| Định dạng: | Không biết |
| Ngôn ngữ: | Spanish |
| Được phát hành: |
Madrid, España :
Encuentros,
c1987.
|
| Loạt: | (Ensayos ;
36) |
| Những chủ đề: | |
| Các nhãn: |
Thêm thẻ
Không có thẻ, Là người đầu tiên thẻ bản ghi này!
|
MARC
| LEADER | 000000000a22000000004500 | ||
|---|---|---|---|
| 001 | 002168 | ||
| 020 | |a 8474901693 | ||
| 041 | 0 | |a spa | |
| 082 | 0 | 4 | |a 330.9 |b M829c |
| 100 | 1 | |a Morande, Pedro | |
| 245 | 1 | 0 | |a Cultura y modernización en América Latina : |b ensayo sociológico acerca de la crisis del desarrollismo y de su superación / |c Pedro Morande. |
| 260 | 1 | |a Madrid, España : |b Encuentros, |c c1987. | |
| 300 | |a 187 páginas | ||
| 490 | 1 | |a (Ensayos ; |v 36) | |
| 505 | |a La crisis del desarrollismo en América Latina como crisis de identidad cultural -- Etapas del sociologismo latinoamericano -- Hacia una caracterización del ethos cultural latinoamericano | ||
| 650 | 4 | |a DESARROLLO ECONOMICO - ASPECTOS SOCIOLOGICOS | |
| 650 | 4 | |a AMERICA LATINA - CONDICIONES ECONOMICAS, 1982 | |
| 999 | |c 8750 |d 8750 | ||
| 942 | |c BK |h 330.9 M829c |2 z | ||



